000 00515ngm a22001811 4500
001 0000008960
005 20151217161726.0
007 vf cbahou
008 080624s xx--- vleng d
020 _cKES 1380
040 _aKABU
_cKABU
245 0 0 _aWhispering mountain
_h[videorecording] :
260 _aDublin, Ireland :
_bVideo Outreach,
_c[199?]
300 _a1 videocassette (36 min.) :
_bsd., col ;
_c1/2 in.
538 _aVHS.
908 _a080624
999 _c15540
_d15540